=LDR 00000nam 2200000 4500 =001 NUTBA000000000001653 =005 20140508122334.0 =006 =007 =008 =020 ##$$a 978-979-1296-26-7 =035 ##$$a 0010-051400000000118 =082 ##$$a 2x5.1-Sya-m =100 ##$$a Amir Syammakh =245 ##$$a Menjadi pribadi penuh cinta =260 ##$$a Solo $b Insan Kamil $c 2008 =300 ##$$a 244 hlm $c 21 cm =990 ##$$a 21196346/BPAP-NTB/2014 =990 ##$$a 21400334/BPAP-NTB/2014